Taylor Swift - Chansons de l'album Lover - Statistiques

Statistiques générales
  • Ce quiz a été pris 1 708 fois
  • Le résultat moyen est 14 sur 18
Statistiques - réponses
Hint Réponse % Correct
Album Original Piste 3 Lover
98%
Album Original Piste 2 Cruel Summer
92%
Album Original Piste 5 The Archer
88%
Album Original Piste 4 The Man
87%
Album Original Piste 7 Miss Americana and the Heartbreak Prince
85%
Album Original- Piste 14 You Need To Calm Down
85%
Album Original- Piste 18 Daylight
84%
Album Original- Piste 16 ME!
83%
Album Original Piste 9 Cornelia Street
81%
Album Original Piste 8 Paper Rings
81%
Album Original- Piste 15 Afterglow
76%
Album Original- Piste 11 London Boy
76%
Album Original Piste 1 I Forgot That You Existed
75%
Album Original- Piste 17 It's Nice To Have A Friend
72%
Album Original- Piste 13 False God
70%
Album Original- Piste 12 Soon You'll Get Better
70%
Album Original- Piste 10 Death By A Thousand Cuts
67%
Album Original Piste 6 I Think He Knows
66%
Aucun quiz correspondant
Distribution des résultats
% des personnes avec chaque résultat
Percentile par nombre de réponses
Votre historique - résultats
Vous n’avez pas pris ce quiz